000 00288nam a22001337a 4500
008 170407b xxu||||| |||| 00| 0 eng d
020 _a9780781728812
041 _aeng
080 _26 ED
_a616
100 _a9
101 _aSHM
245 _aPATHOPSIOLOGY
_cPORTH.C.M
942 _2udc
_cBK
999 _c10102
_d10102